000
00313nam a2200121Ia 4500
005
20251222144812.0
008
251222s9999||||xx |||||||||||||| ||spa||
082
_a
515.7/D56P
100
_a
Demidovich, B.P.
245
0
_a
Problemas y Ejercicios de Análisis Matemático
264
_b
Latinoamericana
942
_c
LIB
999
_c
20155
_d
20155